X-ray crystallography / (Record no. 598319)

000 -LEADER
fixed length control field 00316nam a2200121Ia 4500
008 - FIXED-LENGTH DATA ELEMENTS--GENERAL INFORMATION
fixed length control field 230907s9999||||xx |||||||||||||| ||und||
082 ## - DEWEY DECIMAL CLASSIFICATION NUMBER
Classification number 548.83
Author Mark CLE
100 ## - MAIN ENTRY--PERSONAL NAME
Personal name Clegg, William
9 (RLIN) 115399
245 #0 - TITLE STATEMENT
Title X-ray crystallography /
260 ## - PUBLICATION, DISTRIBUTION, ETC.
Place of publication, distribution, etc. Oxford University Press,
Name of publisher, distributor, etc. Oxford :
Date of publication, distribution, etc. 2015
300 ## - PHYSICAL DESCRIPTION
Extent 114 p.
942 ## - ADDED ENTRY ELEMENTS (KOHA)
Koha item type Book
Holdings
Withdrawn status Lost status Damaged status Not for loan Permanent Location Current Location Date acquired Total Checkouts Full call number Barcode Date last seen Price effective from Koha item type
        US-Pakistan Center for Advanced Studies in Energy (USPCAS-E) US-Pakistan Center for Advanced Studies in Energy (USPCAS-E) 08/03/2018   548.83 CLE CAS-E0002418 09/12/2023 09/12/2023 Book
© 2023 Central Library, National University of Sciences and Technology. All Rights Reserved.